000 00441 a2200157 4500
999 _c257
_d257
008 220921b ||||| |||| 00| 0 eng d
020 _a9781908833617
041 0 _aeng
082 0 0 _a387.5
_bI17
110 _92796
_aInstitute of Chartered Shipbrokers
245 _aLogistics and multi model transport
260 _aLondon:
_bInstitute of Chartered Shipbrokers,
_c2015.
300 _ax, 360 p.
650 0 _aContainerization
942 _2ddc
_cBK